Comportamiento del consumidor: comprendiendo al consumidor

保存先:
書誌詳細
主要な著者: Dubois, Bernard (著者), Rovira Celma, Alex (著者)
フォーマット: 図書
言語:スペイン語
出版事項: Madrid Pearson Educación 1998
版:1a. ed
主題:
タグ: タグ追加
タグなし, このレコードへの初めてのタグを付けませんか!

MARC

LEADER 00000nam a2200000 a 4500
001 UCK5991
003 CL-VaPUC
008 050902e19980000SP |||||||||||||||||spa|d
020 |a 8483220105 
082 0 4 |a 658.8342  |b DUB  |2 21 
100 0 |a Dubois, Bernard  |e author  |9 495035 
700 0 |a Rovira Celma, Alex  |e author  |9 495036 
245 1 0 |a Comportamiento del consumidor: comprendiendo al consumidor 
250 |a 1a. ed 
300 |a 281 p 
942 |c BK 
945 |d 20050902 00:00:00  |a cmena 
260 |a Madrid  |b Pearson Educación  |c 1998 
650 0 |a Consumidores  |9 315658 
650 0 |a Investigación de mercado  |9 332310 
650 0 |a Oferta y demanda  |9 255571 
650 0 |a Marketing  |9 259324 
650 0 |a Comportamiento del consumidor  |9 331318 
583 |a last modification  |c 20160307 12:35:41  |k Rodrigo Vera 
999 |c 314394  |d 314392 
952 |0 0  |1 0  |4 0  |6 658_834200000000000_DUB_1998  |7 0  |8 A  |9 386652  |a BIBENE  |b BIBENE  |d 2019-11-22  |i 4158601  |o 658.8342 DUB 1998  |p 4158601  |r 2025-01-15  |w 2019-11-22  |y BK  |k ICO